| 000 | 00791nam a22002297a 4500 | ||
|---|---|---|---|
| 999 |
_c4203 _d4203 |
||
| 003 | AR-CdUCM | ||
| 008 | 190308b ||||| |||| 00| 0 esp d | ||
| 020 | _aISBN | ||
| 040 |
_aMUNICIPALIDAD PROVINCIAL DEL CUSCO _cBIBLIOTECA MUNICIPAL DEL CUSCO |
||
| 082 |
_a840.9 / _bR77 |
||
| 100 |
_aRoger, Juan _913316 |
||
| 245 |
_aFiguras de la literatura francesa contemporánea / _cJuan Roger |
||
| 260 |
_aMadrid : _bRialp, _c1962. |
||
| 300 |
_a248 pagina ; _c18 cm. |
||
| 500 | _aDonación de la familia Luis Nieto. | ||
| 505 | _aLos últimos humanistas -- El juego heroico -- Cristianismo trágico -- El culto ala sinceridad --Los existencialistas ... | ||
| 650 |
_aLiteratura francesa _9913 |
||
| 650 |
_aLiteratos _9754 |
||
| 650 |
_aSiglo XX _98 |
||
| 942 |
_2ddc _cLIBROS |
||
| 945 | _aacrt | ||